Search the Library Catalogue
| 000 -LEADER | |
|---|---|
| fixed length control field | 00654nam a2200169Ia 4500 |
| 008 - FIXED-LENGTH DATA ELEMENTS--GENERAL INFORMATION | |
| fixed length control field | 260302s9999 xx 000 0 und d |
| 020 ## - INTERNATIONAL STANDARD BOOK NUMBER | |
| ISBN | 9780714642512 |
| 082 ## - DEWEY DECIMAL CLASSIFICATION NUMBER | |
| Classification number | 338.9 |
| Item number | ESS |
| 100 ## - MAIN ENTRY--AUTHOR NAME | |
| Personal name | Esser, Klaus |
| 245 #0 - TITLE STATEMENT | |
| Title | Systemic Competitiveness / |
| Statement of responsibility, etc | Esser, Klaus |
| 260 ## - PUBLICATION, DISTRIBUTION, ETC. (IMPRINT) | |
| Name of publisher | Psychology Press, |
| Year of publication | 1996 |
| 300 ## - PHYSICAL DESCRIPTION | |
| Number of Pages | 186 pages |
| 520 ## - SUMMARY, ETC. | |
| Summary, etc | This book introduces the concept of systemic competitiveness. The authors point out that an economy's competitiveness relies on purposive and intermeshed measures at 4 system levels - the meta-, macro-, meso-, and micro- levels. |
| 650 ## - SUBJECT ADDED ENTRY--TOPICAL TERM | |
| Topical Term | Business & Economics |
| 942 ## - ADDED ENTRY ELEMENTS (KOHA) | |
| Koha item type | English Books |
| Withdrawn status | Lost status | Damaged status | Not for loan | Home library | Current library | Shelving location | Date acquired | Full call number | Accession Number | Price effective from | Koha item type |
|---|---|---|---|---|---|---|---|---|---|---|---|
| Anna Centenary Library | Anna Centenary Library | 4TH FLOOR, A WING | 02.03.2026 | 338.9 ESS | 171533 | 02.03.2026 | English Books |